|
|
|
|
| LEADER |
00000nam a22000007a 4500 |
| 005 |
20170825220414.0 |
| 007 |
cr|||| |||| |
| 008 |
170825s2008 mx |||||s||||f00||0 spa d |
| 020 |
|
|
|a 978-607-95058-3-7
|
| 035 |
|
|
|a 20441
|
| 040 |
|
|
|a vLex
|
| 090 |
|
|
|c 6847
|d 6847
|
| 100 |
1 |
|
|a Ramr̕ez Da̕z, Francisco Javier
|
| 245 |
1 |
0 |
|a Armonizacin̤ de los movimientos campesinos en Mx̌ico (1990-2007)
|h [Recurso electrn̤ico] /
|c Francisco Javier Ramr̕ez Da̕z, Altyna ̕Arias Hernǹdez
|
| 256 |
|
|
|a Servicio en ln̕ea
|
| 260 |
|
|
|a Ciudad de Mx̌ico:
|b Cm̀ara de Diputados,
|c 2008
|
| 300 |
|
|
|a 1 recurso electrn̤ico
|
| 500 |
|
|
|a Desarrollo nacional, cuestin̤ agraria y la pequeą produccin̤ mercantil rural en Mx̌ico.
|
| 506 |
1 |
|
|a Disponible solo en los productos indicados
|d vLex Global
|d vLex Global (Academic Edition, excluding Law Schools)
|d vLex Global (U.S. Academic Edition, Law Schools)
|d vLex Global (U.S. Academic Edition, excluding Law Schools)
|d vLex Global (Academic Edition, Law Schools)
|
| 650 |
0 |
4 |
|a Derecho Mercantil y de la Empresa
|z Mx̌ico
|
| 650 |
0 |
4 |
|a Derecho Pb︢lico y Administrativo
|z Mx̌ico
|
| 700 |
1 |
|
|a Arias Hernǹdez, Altyna̕
|
| 740 |
0 |
|
|a vLex Libros (Servicio en ln̕ea)
|
| 856 |
4 |
0 |
|u http://vlex.com/source/armonizacion-de-los-movimientos-campesinos-en-mexico-1990-2007--20441
|z Acceso restringido
|
| 942 |
|
|
|c BOOK
|
| 999 |
0 |
|
|a Commercial and Company Law
|
| 999 |
0 |
|
|a Public and Administrative Law
|